000 01155nam a22002895a 4500
001 MEB027971
005 20140930080832.0
008 130107s2013 cau 000 0 eng
010 _a2013930254
020 _a9781446267615
040 _aDLC
_cDLC
042 _apcc
050 0 0 _aRT 81.5
_b.El59 2013
100 1 _aEllis, Peter.
245 1 0 _aUnderstanding research for nursing students /
_cPeter Ellis.
250 _a2nd ed.
260 _aThousand Oaks, CA :
_bSage Publications,
_c2013.
300 _aix, 154 pages :
_billustrations ;
_c25 cm.
440 _aTransforming nursing practice series.
504 _aIncludes bibliographical references and index.
505 0 _aIntroducing research -- Overview of qualitative methodologies -- Data collection methods and analysis in qualitative research -- Overview of quantitative methodologies -- Data collection methods and analysis in quantitative research -- Multiple methods, evaluation and action research.
521 _aNursing
650 0 _aNursing
_xResearch
_xEvaluation.
650 0 _aEvidence-based nursing.
830 0 _aTransforming nursing practice.
942 _2lcc
_cBK
_kFOR
999 _c275943
_d275943